LEADER 01277nam 2200385 450 001 990000544410203316 035 $a0054441 035 $aUSA010054441 035 $a(ALEPH)000054441USA01 035 $a0054441 100 $a20010704d1978----km-y0itay0103----ba 101 $aita 102 $aIT 105 $a||||||||001yy 200 1 $a<> biblioteca difficile$einchiesta su pubblica lettura e territorio in provincia$fa cura di Massimo Belotti$gprefazione di Novella Sansoni 210 $aMilano$cGabriele Mazzotta Editore$d1978 215 $a200 p.$cill.$d23 cm 225 2 $aBiblioteca di Nuova Cultura$iStudio$v71 300 $aIndagine realizzata con il contributo della Regione Lombardia 410 $12001$aBiblioteca di Nuova Cultura$iStudio$v71 676 $a027.4 702 1$aBELOTTI,$bMassimo 702 1$aSANSONI,$bNovella 710 01$aMilano $0546306 801 0$aIT$bsalbc$gISBD 912 $a990000544410203316 951 $a027.4 MIL$b8351$c027.4$d00107022 959 $aBK 969 $aSCI 979 $aPATTY$b90$c20010704$lUSA01$h1749 979 $aPATTY$b90$c20010704$lUSA01$h1754 979 $c20020403$lUSA01$h1703 979 $aPATRY$b90$c20040406$lUSA01$h1638 996 $aBiblioteca difficile$9885948 997 $aUNISA LEADER 01142nam a2200313 i 4500 001 991000973999707536 005 20020507180904.0 008 970617s1994 us ||| | eng 020 $a0471594032 035 $ab10783428-39ule_inst 035 $aLE01305120$9ExL 040 $aDip.to Matematica$beng 082 0 $a005.1 084 $aAMS 68N 084 $aCR D.2 084 $aQA78.9.U83R82 100 1 $aRubin, Jeffrey$0535648 245 10$aHandbook of usability testing :$bhow to plan, design, and conduct effective tests /$cJeffrey Rubin 260 $aNew York :$cc1994 300 $axxii, 330 p. :$bill. ;$c24 cm. 490 0 $aWiley technical communication library 500 $aIncludes bibliographical references (p. [315]-322) and index 650 4$aUser interfaces (Computer systems)-Testing 907 $a.b10783428$b23-02-17$c28-06-02 912 $a991000973999707536 945 $aLE013 68N RUB11 (1994)$g1$i2013000082929$lle013$o-$pE0.00$q-$rl$s- $t0$u0$v0$w0$x0$y.i10883290$z28-06-02 996 $aHandbook of usability testing$9922037 997 $aUNISALENTO 998 $ale013$b01-01-97$cm$da $e-$feng$gus $h0$i1